[Event "Panevezys Elite Open 2019"]
[Site "Panevezys"]
[Date "2019.06.25"]
[Round "3.13"]
[White "Zaura, Vidmantas"]
[Black "Stasans, Aivars"]
[Result "0-1"]
[WhiteElo "2223"]
[BlackElo "2039"]
[Annotator "RC"]
[PlyCount "116"]
[EventDate "2019.06.24"]
[EventType "swiss"]
[EventCountry "LTU"]
[SourceTitle "playchess.com"]
[Source "ChessBase"]
[SourceQuality "1"]
[TimeControl "40/5400+30:1800+30"]

1. Nf3 {[%emt 0:00:00]} Nf6 {[%emt 0:00:00]} 2. g3 {[%emt 0:00:00]} b6 {[%emt 0:00:09]} 3. Bg2 {[%emt 0:00:00]} Bb7 {[%emt 0:00:09]} 4. O-O {[%emt 0:00:13]} g6 {[%emt 0:00:48]} 5. d4 {[%emt 0:00:23]} Bg7 {[%emt 0:00:10]} 6. c4 {[%emt 0:00:05]} O-O {[%emt 0:00:28]} 7. Nc3 {[%emt 0:00:08]} Ne4 {[%emt 0:01:32]} 8. Qc2 {[%emt 0:00:31]} Nxc3 {[%emt 0:00:10]} 9. bxc3 {[%emt 0:01:23]} d6 {[%emt 0:00:26]} 10. Rd1 {[%emt 0:02:34]} Nd7 {[%emt 0:04:21]} 11. Be3 {[%emt 0:05:00]} Qe8 {[%emt 0:17:07]} 12. h4 {[%emt 0:23:27]} Nf6 {[%emt 0:04:10]} 13. d5 {[%emt 0:10:32]} e5 {[%emt 0:04:14]} 14. Bg5 {[%emt 0:02:41]} Nd7 {[%emt 0:06:29]} 15. e4 {[%emt 0:02:43]} Ba6 {[%emt 0:02:07]} 16. Bf1 {[%emt 0:06:16]} Nc5 {[%emt 0:02:12]} 17. Re1 {[%emt 0:00:54]} Qa4 {[%emt 0:11:36]} 18. Rac1 {[%emt 0:06:43]} Qxc2 {[%emt 0:02:35]} 19. Rxc2 {[%emt 0:00:02]} f5 {[%emt 0:00:47]} 20. exf5 {[%emt 0:04:51]} gxf5 {[%emt 0:01:09]} 21. Be3 {[%emt 0:00:39]} Rae8 {[%emt 0:10:56]} 22. Bxc5 {[%emt 0:10:22]} bxc5 {[%emt 0:00:21]} 23. Ng5 {[%emt 0:00:49]} Bc8 {[%emt 0:00:26]} 24. Bg2 {[%emt 0:01:56]} h6 {[%emt 0:03:05]} 25. Ne6 {[%emt 0:00:24]} Bxe6 {[%emt 0:00:05]} 26. dxe6 {[%emt 0:00:04]} e4 {[%emt 0:00:05]} 27. f3 {[%emt 0:00:45]} Rxe6 {[%emt 0:00:19]} 28. fxe4 {[%emt 0:00:38]} Rfe8 {[%emt 0:00:32]} 29. Bh3 {[%emt 0:10:27]} Rxe4 {[%emt 0:00:41]} 30. Rxe4 {[%emt 0:00:05]} fxe4 {[%emt 0:00:26]} 31. Bf5 {[%emt 0:00:32]} e3 {[%emt 0:03:00]} 32. Kf1 {[%emt 0:02:29]} Be5 {[%emt 0:05:27]} 33. g4 {[%emt 0:01:10]} Bg3 {[%emt 0:00:26]} 34. Ke2 {[%emt 0:03:35]} Bxh4 {[%emt 0:00:31]} 35. Rb2 {[%emt 0:00:12]} Bg5 {[%emt 0:04:18]} 36. Rb7 {[%emt 0:00:26]} Kg7 {[%emt 0:04:45]} 37. Rxc7+ {[%emt 0:02:02]} Kf6 {[%emt 0:00:09]} 38. Rd7 {[%emt 0:00:52]} Bf4 {[%emt 0:02:15]} 39. Rxa7 {[%emt 0:00:36]} Rb8 {[%emt 0:00:18]} 40. Kf3 {[%emt 0:00:35]} Rb2 {[%emt 0:05:19]} 41. Bd3 {[%emt 0:03:06]} Rf2+ {[%emt 0:00:13]} 42. Ke4 {[%emt 0:00:02]} Bg5 {[%emt 0:00:18]} 43. Rb7 {[%emt 0:00:21]} Rxa2 {[%emt 0:02:34]} 44. Rb1 {[%emt 0:02:37]} Ke6 {[%emt 0:13:02]} 45. Rf1 {[%emt 0:00:54]} Rd2 {[%emt 0:01:49]} 46. Rg1 {[%emt 0:03:31]} Rf2 {[%emt 0:01:00]} 47. Rf1 {[%emt 0:00:37]} e2 {[%emt 0:02:52]} 48. Re1 {[%emt 0:00:26]} Rf4+ {[%emt 0:00:09]} 49. Ke3 {[%emt 0:00:15]} Rxc4+ {[%emt 0:00:17]} 50. Kxe2 {[%emt 0:03:12]} Rxc3 {[%emt 0:00:11]} 51. Bf5+ {[%emt 0:03:59]} Kf6 {[%emt 0:02:22]} 52. Bd3 {[%emt 0:02:45]} d5 {[%emt 0:00:42]} 53. Rf1+ {[%emt 0:00:29]} Ke5 {[%emt 0:00:25]} 54. Rf7 {[%emt 0:02:18]} c4 {[%emt 0:00:24]} 55. Bf5 {[%emt 0:00:13]} Re3+ {[%emt 0:00:56]} 56. Kf2 {[%emt 0:00:04]} Kd4 {[%emt 0:00:15]} 57. Rd7 {[%emt 0:00:43]} Re5 {[%emt 0:00:44]} 58. Rc7 {[%emt 0:00:20]} Kc3 {[%emt 0:02:07]} 0-1

[Event "Panevezys Elite Open 2019"]
[Site "Panevezys"]
[Date "2019.06.26"]
[Round "4.1"]
[White "Rudzinska, Michalina"]
[Black "Krishna Teja, N."]
[Result "0-1"]
[WhiteElo "2143"]
[BlackElo "2357"]
[Annotator "TA"]
[PlyCount "120"]
[EventDate "2019.06.24"]
[EventType "swiss"]
[EventCountry "LTU"]
[SourceTitle "playchess.com"]
[Source "ChessBase"]
[SourceQuality "1"]

{[%evp 16,120,0,0,0,0,0,0,0,0,17,16,18,-37,-35,-83,-76,-66,-72,-81,13,7,117,107,147,97,93,102,189,177,153,147,467,202,205,208,190,208,196,205,195,190,191,192,178,140,227,147,159,182,188,190,227,237,208,107,132,58,652,656,631,618,621,559,733,724,546,8,8,0,0,0,459,432,1149,1054,1198,1121,592,0,1126,1079,769,0,0,0,0,0,0,0,0,0,0,-12824,-12787,-5106,-5084,-29989,-29990,-29989,-29990,-29991,-29991,-29992,-29992,-29995,-29996]} 1. e4 c6 2. d4 d5 3. Nc3 dxe4 4. Nxe4 Bf5 5. Ng3 Bg6 6. Bc4 e6 7. N1e2 Nf6 8. Nf4 Bd6 9. Bb3 a5 {B18: Classical Caro-Kann: 4...Bf5 sidelines} 10. a4 Qc7 11. Qf3 Nbd7 {The position is equal.} 12. O-O e5 $146 ({Predecessor:} 12... O-O 13. Nxg6 hxg6 14. Bg5 c5 15. dxc5 Nxc5 16. Bxf6 gxf6 17. Qxf6 Be5 {0-1 (47) Guliyev,N (2522)-Khairullin,I (2634) Aix les Bains 2011}) 13. Nxg6 hxg6 14. Ne4 ({Better is} 14. Re1 $11) 14... Nxe4 $1 $15 ({Much weaker is} 14... exd4 $6 15. Nxd6+ Qxd6 16. Bf4 $14) 15. Qxf7+ Kd8 16. Qxg7 Re8 17. f3 Bf8 ({Black should play} 17... exd4 $1 $17 18. fxe4 Bxh2+ 19. Kh1 Qd6) 18. Qxg6 $11 Nd6 (18... Nef6 $1 $11 {remains equal.}) 19. Bg5+ $1 $16 Be7 20. Bxe7+ Rxe7 21. Rad1 $36 {[%mdl 2048] Black must now prevent dxe5. White is really pushing.} e4 (21... Ne8 $16 {was necessary.}) 22. fxe4 $1 $18 {[%mdl 64] Overworked Piece} Nxe4 23. Bf7 $1 {Qg8+ is the strong threat.} ({Inferior is} 23. Rde1 Qd6 $11) 23... Nd6 $2 {[%mdl 8192]} (23... Qb8 $16 {is a better chance.}) 24. Qg8+ (24. Qg5 $142) 24... Ne8 25. Qg5 Nef6 26. Rxf6 Nxf6 27. Qxf6 Kc8 28. Bg6 Kb8 29. h4 Ka7 30. h5 Rg8 (30... Rd8 $16 31. Qf2 Red7) 31. Rf1 Re2 32. Qf7 Qd8 33. Qc4 Rd2 34. Qc5+ $1 Ka8 35. c3 (35. Rf4 $18) 35... Rxb2 $16 36. Re1 (36. Rf2 $16 Rxf2 37. Kxf2) 36... Rf8 $2 {[%mdl 8192] [#]} (36... Rh8 $14) 37. Qxf8 $1 $18 {[%mdl 576] Remove Defender} Qxf8 38. Re8+ Qxe8 39. Bxe8 {[%mdl 4096] Endgame KR-KB} Re2 40. Bg6 Re6 41. Bd3 $2 ({Only move:} 41. g4 $18) 41... b5 $1 $11 42. axb5 {And now Kf2 would win.} a4 43. Bc4 Re1+ $2 {[%mdl 8192]} (43... Re4 $11 {and Black is okay.}) 44. Kf2 $18 Rh1 (44... Rc1 $142 45. Be6 (45. bxc6 Kb8 $18) 45... Rh1) 45. g4 Kb7 46. bxc6+ Kxc6 47. Ke3 $2 (47. Kg2 $18 Rh4 48. Kg3) 47... a3 $2 {[%mdl 8192]} (47... Kd6 $11) 48. Kf4 $1 {[%cal Rf4g5]} Rh3 {[#]} 49. Kf5 $2 ({White has to play} 49. Kg5 $1 $18 Kc7 50. h6) 49... Kd6 $11 50. Kg6 Rxc3 51. Bg8 {Strongly threatening h6.} Rc8 $1 {[%cal Rc8g8]} 52. Bf7 Ke7 53. Kg7 Rc6 {aiming for ...Rb6.} (53... Rf8 $5 54. Bc4 $8 Rc8 $11) 54. Ba2 $2 {[%mdl 8192]} (54. g5 $11 Re6 55. Bxe6 Kxe6 56. h6) 54... Rc2 $19 55. Bd5 {[#]} Rg2 $1 {[%cal Rg2g4][%mdl 512]} 56. h6 (56. Bxg2 a2) 56... Rxg4+ {[%mdl 64] Double Attack. Black mates.} 57. Kh8 Rxd4 58. Ba2 Rd2 59. Bb3 Kf6 60. Kh7 a2 {Accuracy: White = 55%, Black = 44%.} 0-1

[Event "Panevezys Elite Open 2019"]
[Site "Panevezys"]
[Date "2019.06.26"]
[Round "4.2"]
[White "Juksta, Karolis"]
[Black "Laurusas, Tomas"]
[Result "0-1"]
[WhiteElo "2261"]
[BlackElo "2507"]
[Annotator "TA"]
[PlyCount "46"]
[EventDate "2019.06.24"]
[EventType "swiss"]
[EventCountry "LTU"]
[SourceTitle "playchess.com"]
[Source "ChessBase"]
[SourceQuality "1"]

{[%evp 9,54,30,41,27,38,19,23,21,14,25,39,27,21,12,37,34,33,22,24,-10,-12,-27,-14,-14,-11,-12,-14,-9,-18,-59,-62,-83,-66,-138,-137,-527,-504,-459,-429,-396,-439,-573,-574,-606,-603,-1278,-1269]} 1. d4 ({Predecessor:} 1. e4 e6 2. d4 a6 3. c3 b5 4. Bd3 Bb7 5. Ne2 c5 6. O-O Nf6 {0-1 (40) Mostertman,L-Vlasveld,W Netherlands 1996}) 1... b5 2. e4 Bb7 3. Bd3 e6 4. c3 $146 (4. Nf3 c5 5. c3 a6 6. O-O d6 7. Re1 Nd7 8. Nbd2 Be7 9. e5 cxd4 10. exd6 Bxd6 11. Nxd4 Ngf6 12. Nf5 Ne5 13. Nxd6+ Qxd6 14. Be2 O-O-O {1-0 (36) Van Wely,L (2663)-Fernandez,D (2454) London 2014}) 4... Nf6 5. f3 a6 6. Ne2 {A40: Unusual replies to 1 d4} c5 7. O-O Nc6 8. Be3 {White has an edge.} cxd4 9. cxd4 Nb4 10. a3 Nxd3 11. Qxd3 Be7 12. d5 Qb8 {[%cal Re6d5]} 13. Nbc3 O-O 14. Rfd1 (14. Bf4 {looks sharper.} e5 15. Be3 Rc8 16. Ng3 g6 17. Nge2) 14... exd5 15. Nxd5 Bxd5 16. exd5 Bd6 17. g3 Re8 18. Bf2 Qb7 19. Nc1 Re5 {[%cal Re5d5]} 20. Nb3 Rxd5 21. Na5 ({White should play} 21. Qf1 $15) 21... Qc7 $17 ({Of course not} 21... Rxd3 $6 22. Nxb7 Rxd1+ 23. Rxd1 $11) 22. Qxd5 $4 {[%mdl 8192] [#]} (22. Qf1 $17) 22... Nxd5 $19 23. Rxd5 Bf8 {Played: Bd6-e5} 0-1

[Event "Panevezys Elite Open 2019"]
[Site "Panevezys"]
[Date "2019.06.26"]
[Round "4.3"]
[White "Krivonosov, Oleg"]
[Black "Kubicka, Anna"]
[Result "1/2-1/2"]
[WhiteElo "2411"]
[BlackElo "2162"]
[Annotator "TA"]
[PlyCount "135"]
[EventDate "2019.06.24"]
[EventType "swiss"]
[EventCountry "LTU"]
[SourceTitle "playchess.com"]
[Source "ChessBase"]
[SourceQuality "1"]

{[%evp 25,135,-14,0,0,0,0,0,0,0,0,0,0,0,0,0,0,0,-8,-5,-5,-5,-9,-4,-5,-7,-9,-7,-15,-8,-10,-10,-16,-8,-15,-6,-11,0,-6,0,-15,0,-31,0,0,0,0,0,-7,0,0,0,0,0,-8,0,0,0,0,0,0,8,8,8,8,8,8,8,8,8,8,8,8,61,61,61,61,61,61,61,61,61,61,61,61,61,61,61,61,61,61,54,54,54,54,54,54,54,54,54,54,54,54,61,54,54,54,61,8,8,8,8,8]} 1. Nf3 d5 2. d4 Nf6 3. c4 e6 4. g3 dxc4 5. Qa4+ Nbd7 6. Bg2 a6 7. Nc3 Rb8 8. Qxc4 b5 9. Qd3 Bb7 10. O-O c5 11. dxc5 Bxc5 12. Bf4 Rc8 13. Rad1 O-O 14. Ne5 {E02: Open Catalan: 5 Qa4+} Bxg2 15. Kxg2 {[%cal Re5d7]} Nxe5 16. Bxe5 Be7 17. Qxd8 Rfxd8 18. Rxd8+ Rxd8 19. Rd1 Rxd1 20. Nxd1 $11 {[%mdl 4096] Endgame KBN-KBN} Nd5 {[#]} 21. Kf3 $146 ({Predecessor:} 21. Nc3 Nxc3 22. Bxc3 {½-½ (33) Kryakvin,D (2586)-Khismatullin,D (2652) Taganrog 2013}) 21... Nb4 22. a3 Nc6 23. Bc3 f6 24. Ne3 Kf7 25. Nc2 Bc5 26. g4 g6 27. h3 f5 28. e3 Bd6 29. b3 Bc7 30. Ke2 fxg4 31. hxg4 h5 32. Kf3 Bd6 33. a4 Be5 34. Bd2 bxa4 35. bxa4 Bd6 36. Bc3 Be5 37. Be1 Bd6 38. gxh5 gxh5 39. Ke4 Ne7 40. f4 Nf5 41. Kf3 Bc5 42. Bc3 h4 43. e4 Nd6 44. Bb4 Bxb4 45. Nxb4 {KN-KN} a5 46. Nc6 h3 47. e5 Nc4 48. Kg3 Nb6 (48... Kg6 $11) 49. Nxa5 $14 Nxa4 50. Kxh3 Nc3 51. Kg4 Nd5 52. Kg5 Ke7 53. Nc6+ Kf7 54. Nd4 Ke7 55. Ne2 Kf7 56. Ng3 Kg7 57. Kg4 Kg6 58. Kf3 Kf7 59. Ke4 Ne7 60. Ne2 Nd5 61. Nd4 {[#] Strongly threatening Nxe6!} Nc3+ 62. Kf3 Nd5 63. Nb5 Ke7 64. Ke4 Kf7 65. Nd6+ Ke7 66. f5 (66. Kf3 $14) 66... Nf6+ $11 67. exf6+ Kxf6 68. fxe6 {Accuracy: White = 73%, Black = 52%.} 1/2-1/2

[Event "Panevezys Elite Open 2019"]
[Site "Panevezys"]
[Date "2019.06.26"]
[Round "4.4"]
[White "Cholleti Sahajasri"]
[Black "Brazdzionis, Andrius"]
[Result "0-1"]
[WhiteElo "2207"]
[BlackElo "2337"]
[Annotator "TA"]
[PlyCount "54"]
[EventDate "2019.06.24"]
[EventType "swiss"]
[EventCountry "LTU"]
[SourceTitle "playchess.com"]
[Source "ChessBase"]
[SourceQuality "1"]

{[%evp 13,62,28,21,35,35,0,-8,0,-9,-14,-25,-44,-40,-137,-154,-113,-45,-50,-52,-145,-129,-132,-137,-210,-211,-215,-195,-212,-204,-205,-216,-206,-118,-221,-223,-488,-480,-726,-570,-531,0,-689,-526,-544,-330,-336,-331,-337,-322,-324,-295]} 1. Nf3 d5 2. d4 Nf6 3. c4 e6 4. g3 dxc4 5. Bg2 a6 6. O-O Nc6 7. e3 Bd7 8. Nbd2 {E04: Open Catalan: 5 Nf3} (8. Qe2 b5 9. b3 cxb3 10. axb3 Be7 11. Bd2 O-O 12. Rc1 Nb4 13. Ne5 Nfd5 14. Nc3 c6 15. Ne4 f6 16. Nxd7 Qxd7 17. Nc5 Bxc5 18. Rxc5 f5 19. Ra5 Qc7 20. Ra1 Qd7 21. Ra5 Qc7 22. Ra1 Qd7 {½-½ (22) So,W (2780)-Duda,J (2737) chess.com INT 2018}) 8... b5 9. Ne5 Nxe5 $146 ({Predecessor:} 9... Nd5 10. Nxd7 Qxd7 11. e4 Ndb4 12. Nf3 Nd3 13. b3 Bb4 14. bxc4 bxc4 15. Qc2 Nxd4 16. Nxd4 Qxd4 {1-0 (28) Szotkowski,J (2366)-Huber,M (2405) Austria 2017}) 10. Bxa8 {The position is equal.} Qxa8 11. dxe5 Nd5 12. e4 Nb4 {[%mdl 1024] Black has compensation.} 13. Qe2 (13. a3 $15 Nd3 14. b3) 13... Nc2 $17 14. Rb1 {White wants to play Nxc4.} Nd4 (14... Bc6 $17 15. a4 Bc5) 15. Qe3 $15 c5 16. Nf3 {[#]} ({Better is} 16. f3 $15) 16... Nc2 $1 $36 {[%cal Rc2e3][%mdl 2048] Black has strong initiative.} 17. Qe2 {[#]} Bc6 $1 18. Nd2 (18. Rd1 $17 {might work better.} Bxe4 19. Bg5 (19. Qd2 $2 Bd3 $19)) 18... Nd4 $19 19. Qe3 Be7 20. f3 O-O 21. Kg2 h6 22. h4 f6 (22... f5 $19 {White must now prevent ...Qe8.} 23. exf6 Bxf6) 23. exf6 (23. b3 $17) 23... Bxf6 ({Much less strong is} 23... Rxf6 24. a4 $17) 24. e5 $2 (24. Kh3) 24... Be7 25. Rf2 (25. b4 $142 Nf5 26. Qe1) 25... Nf5 26. Qe1 Nd4 27. Qe3 Qe8 {Played: Bc6-d5} 0-1

[Event "Panevezys Elite Open 2019"]
[Site "Panevezys"]
[Date "2019.06.26"]
[Round "4.5"]
[White "Stauskas, Lukas"]
[Black "Stremavicius, Titas"]
[Result "1/2-1/2"]
[WhiteElo "2306"]
[BlackElo "2477"]
[Annotator "TA"]
[PlyCount "22"]
[EventDate "2019.06.24"]
[EventType "swiss"]
[EventCountry "LTU"]
[SourceTitle "playchess.com"]
[Source "ChessBase"]
[SourceQuality "1"]

{[%evp 17,22,46,49,40,32,22,39]} 1. d4 d6 2. Nf3 Bg4 3. c4 Nd7 4. g3 Bxf3 5. exf3 c6 6. Bg2 Ngf6 7. d5 g6 8. Nc3 Bg7 9. O-O O-O 10. Re1 {E62: King's Indian: Fianchetto: 6...c6 and Panno Variation (6...Nc6) without ...a6} Nb6 11. Qd3 $146 ({Predecessor:} 11. f4 Rc8 12. Qe2 Re8 13. Be3 cxd5 14. cxd5 Rxc3 15. Bxb6 Qxb6 16. bxc3 {1-0 (40) Baburin,A (2560)-Short,P (2295) Bunratty 1997}) 11... Rc8 1/2-1/2

[Event "Panevezys Elite Open 2019"]
[Site "Panevezys"]
[Date "2019.06.26"]
[Round "4.6"]
[White "Ulybin, Mikhail"]
[Black "Zhukov, Anton"]
[Result "1/2-1/2"]
[WhiteElo "2474"]
[BlackElo "2178"]
[Annotator "TA"]
[PlyCount "82"]
[EventDate "2019.06.24"]
[EventType "swiss"]
[EventCountry "LTU"]
[SourceTitle "playchess.com"]
[Source "ChessBase"]
[SourceQuality "1"]

{[%evp 11,82,26,34,9,12,6,6,4,10,-74,-79,-112,-102,-110,-112,-89,-91,-114,-109,-268,-251,-246,-111,-285,-283,-262,-198,-166,-158,-216,-232,-195,-179,-332,-332,-330,-342,-332,-295,-256,-276,-268,0,-4,0,0,0,0,40,29,50,37,43,51,33,42,51,66,66,0,0,0,35,0,1365,0,0,0,1170,0,0,0,931]} 1. d4 Nf6 2. c4 e6 3. g3 Bb4+ 4. Bd2 c5 5. Bxb4 cxb4 6. Bg2 O-O 7. e4 {E00: Catalan Bogo-Indian (3 g3 Bb4+)} d6 8. Ne2 Qc7 9. b3 a5 $146 ({Predecessor:} 9... e5 10. a3 Na6 11. O-O Bg4 12. f3 Bd7 13. Qd2 exd4 14. Nxd4 Qc5 {1-0 (33) Saric,A (2597)-Zaja,I (2481) Porec 2016}) 10. f4 (10. a3 $11) 10... e5 $17 11. c5 dxc5 12. dxe5 Ng4 13. Qc1 {[#]} c4 $1 {[%mdl 512]} 14. h3 {[#]} (14. bxc4 Qc5) 14... cxb3 $1 {[%mdl 512]} 15. Nd2 $2 (15. Qxc7 $2 {is the wrong capture.} b2 $19) (15. axb3 $17 {only move.} Qxc1+ 16. Nxc1) (15. axb3 Qxc1+) 15... Qxc1+ $19 16. Rxc1 Ne3 (16... bxa2 $19 {is more deadly. aiming for ...Ne3.} 17. hxg4 a4) 17. Bf3 $2 (17. Nxb3 $17 Nxg2+ 18. Kf2) 17... bxa2 18. Kf2 {[#]} a1=Q $1 19. Rxa1 Nc2 20. Ra2 (20. Rac1 $17 {is a better defense.} Na3 21. Nd4) 20... Na3 21. Nd4 Nc6 22. Nf5 $2 (22. Nxc6 bxc6 23. Rc1) 22... Be6 23. Rb2 Nb5 24. Nd6 Nxd6 25. exd6 a4 26. f5 a3 $2 ({Black should play} 26... Bd7 $19 27. Be2 a3) 27. fxe6 $11 axb2 28. e7 Rfb8 {And now ...Ra1 would win.} 29. Rb1 Ne5 30. Be2 f6 $1 {Threatens to win with ...Kf7.} 31. Nf3 {Strongly threatening Nxe5.} Kf7 $1 {[%cal Rf7e6] White must now prevent ...Ke6.} 32. Nxe5+ fxe5 $14 {[%mdl 4096] Endgame KRR-KRB} 33. Bc4+ Ke8 $1 {Hoping for ...b5.} 34. Bb5+ Kf7 35. Bc4+ Ke8 $1 {...b5 is the strong threat.} 36. Bb5+ Kf7 37. Rxb2 Ra6 $2 {[%mdl 8192]} (37... Ke6 $11) 38. Bc4+ Ke8 39. Bb5+ Kf7 40. Bc4+ Ke8 41. Bb5+ Kf7 {[%mdl 32768] Accuracy: White = 38%, Black = 71%. . An unexpected result.} 1/2-1/2

[Event "Panevezys Elite Open 2019"]
[Site "Panevezys"]
[Date "2019.06.26"]
[Round "4.7"]
[White "Juknis, Paulius"]
[Black "Harutjunyan, Gevorg"]
[Result "0-1"]
[WhiteElo "2169"]
[BlackElo "2446"]
[Annotator "TA"]
[PlyCount "94"]
[EventDate "2019.06.24"]
[EventType "swiss"]
[EventCountry "LTU"]
[SourceTitle "playchess.com"]
[Source "ChessBase"]
[SourceQuality "1"]

{[%evp 14,94,30,29,31,9,17,-1,10,0,18,21,32,16,47,0,0,0,0,0,0,-60,-64,-61,-59,-60,-35,-59,-61,-58,-63,-97,-101,-125,-124,-119,-112,-125,-111,-111,-111,-110,-107,-117,-119,-114,-112,-144,-143,-134,-139,-152,-150,-142,-141,-154,-141,-191,-185,-215,-208,-201,-198,-227,-211,-231,-146,-169,-170,-144,-155,-270,-288,-273,-275,-275,-235,-229,-220,-537,-535,-735,-713]} 1. d4 c6 2. Nf3 g6 3. g3 Bg7 4. Bg2 Nf6 5. O-O O-O 6. b3 d5 7. Bb2 Bf5 8. Nbd2 a5 {D02: 1 d4 d5 2 Nf3 sidelines, including 2...Nf6 3 g3 and 2...Nf6 3 Bf4} (8... Re8 9. c4 a5 10. a3 Ne4 11. e3 Nd7 12. Re1 Nxd2 13. Nxd2 Nc5 14. Bc3 Ne4 15. Nxe4 Bxe4 16. f3 {½-½ (39) Dziuba,M (2584)-Duda,J (2717) Katowice 2017}) 9. a3 Qb6 $146 ({Predecessor:} 9... Ne4 10. Nh4 Nxd2 11. Qxd2 Be6 12. f4 Qd7 13. Qd3 Bh3 14. Bxh3 Qxh3 15. e4 dxe4 16. Qxe4 {0-1 (39) Hovhannisyan,M (2454)-Zubov,A (2597) Llucmajor 2019}) 10. e3 Rd8 {The position is equal.} 11. Rc1 Nbd7 12. h3 Be4 13. Qe2 Rac8 14. Nxe4 Nxe4 15. Nd2 Nxd2 16. Qxd2 a4 17. Qb4 (17. Rb1 $11) 17... c5 $15 18. Qxb6 ({Don't go for} 18. Qxa4 $2 Ra8 $19) 18... Nxb6 19. Rfd1 e6 20. Bf1 cxd4 21. Bxd4 Bxd4 22. Rxd4 axb3 23. Rb4 Rxc2 24. Rb1 Nc4 {[#] aiming for ...Nd2.} 25. R1xb3 Nd6 26. Bd3 Rc1+ 27. Kg2 f5 28. Rb1 Rc3 29. R1b3 Rdc8 30. Rb6 {With the idea Rxc3.} Rxb3 31. Rxb3 $17 {[%mdl 4096] Endgame KRB-KRN} Kf8 32. g4 Ke7 33. a4 e5 34. gxf5 gxf5 35. Bb1 Rc4 36. Ra3 Rb4 37. Bd3 e4 38. Bf1 Nc4 39. Ra2 Na5 40. Kg3 Kf6 41. Bb5 Ke5 42. f4+ (42. Rc2 $17) 42... Ke6 $19 43. Rc2 Nc4 44. Rc3 Kd6 45. Kh4 Kc5 46. Bd7 $2 {[#]} (46. Rc1 {was the crucial defense.}) 46... Rb1 47. Bxf5 Kb4 {[%mdl 64] Double Attack. Accuracy: White = 42%, Black = 76%.} 0-1

[Event "Panevezys Elite Open 2019"]
[Site "Panevezys"]
[Date "2019.06.26"]
[Round "4.8"]
[White "Badelka, Olga"]
[Black "Sinitsina, Anastassia"]
[Result "1-0"]
[WhiteElo "2391"]
[BlackElo "2095"]
[Annotator "TA"]
[PlyCount "73"]
[EventDate "2019.06.24"]
[EventType "swiss"]
[EventCountry "LTU"]
[SourceTitle "playchess.com"]
[Source "ChessBase"]
[SourceQuality "1"]

{[%evp 21,73,34,27,0,0,9,62,58,92,93,93,103,148,139,230,196,314,319,259,237,302,299,287,293,287,231,410,362,604,611,667,587,585,587,583,585,548,519,595,598,651,673,680,677,655,620,808,857,1607,1551,2301,2275,29981,2607]} 1. d4 Nf6 2. c4 c5 3. d5 e6 4. Nc3 exd5 5. cxd5 d6 6. e4 g6 7. f4 Bg7 8. Bb5+ Nfd7 9. a4 O-O 10. Nf3 Na6 11. O-O Nb4 12. h3 {A67: Modern Benoni: Taimanov Variation} a6 13. Bc4 Re8 ({Better is} 13... f5 $11) 14. Re1 $1 $14 {White is slightly better.} b6 15. Be3 Bb7 16. Bf2 Nf6 $146 ({Predecessor:} 16... Rb8 17. Bh4 Qc7 18. Qd2 Ba8 19. Kh1 Qc8 20. e5 dxe5 21. Ne4 Rf8 22. fxe5 {1-0 (22) Kuzubov,Y (2603)-Mohamed,H (2222) Dubai 2008}) 17. Qd2 Ra7 (17... Nh5 $16) 18. Rad1 Ba8 (18... Nd7 {was called for.} 19. g4 Ra8) 19. e5 $18 Nd7 {[%cal Rd6e5]} 20. Bg3 ({But not} 20. exd6 Rb7 $18) 20... dxe5 21. fxe5 b5 22. axb5 Nb6 23. b3 {[%cal Bb2b3,Bb3c4][%mdl 32]} a5 $2 {[#]} (23... axb5 {is a better defense.} 24. Bxb5 N6xd5) 24. d6 Nxc4 $2 (24... Bxf3 25. gxf3 a4) 25. bxc4 Qd7 26. Qf2 Bxf3 27. Qxf3 Nc2 28. Rf1 Nd4 29. Qd5 Ne6 30. Na4 Bh6 31. Nxc5 Be3+ 32. Bf2 Bxc5 33. Bxc5 Nxc5 34. Qxc5 Rc8 35. Qd5 a4 36. c5 Qxb5 37. d7 {Accuracy: White = 61%, Black = 26%.} (37. e6 $142 Qb8 38. exf7+ Kg7 39. Qe5+ Kh6 40. Rd4 Qb4 41. Rxb4 g5 42. Qe6+ {[%mdl 64] Double Attack} Kh5 43. Rf6 Rxc5 44. Rh6#) 1-0